7 i.e. Siete enfoques sobre la corrupción /

Sparad:
Bibliografiska uppgifter
Institutionella upphovsmän: Centro de Estudios Democráticos de América Latina, CEDAL
Materialtyp: Text
Publicerad: Heredia: CEDAL
Taggar: Lägg till en tagg
Inga taggar, Lägg till första taggen!

MARC

LEADER 00000 a a2200000 04500
001 26026
003
040
090 |a 147102  
110 |a Centro de Estudios Democráticos de América Latina  
245 |a 7 i.e. Siete enfoques sobre la corrupción /  |c Centro de Estudios Democráticos de América Latina  
260 |a Heredia:   |b CEDAL  
300 |a 84 p.  
710 |a CEDAL  
999 |c 9215  |d 9215